Cats of Coat n' tail street (The) / (Record no. 111216)
[ view plain ]
| 000 -LEADER | |
|---|---|
| fixed length control field | 00531nam a2200169 a 4500 |
| 001 - CONTROL NUMBER | |
| control field | 2242 |
| 005 - DATE AND TIME OF LATEST TRANSACTION | |
| control field | 20140414131911.0 |
| 008 - FIXED-LENGTH DATA ELEMENTS--GENERAL INFORMATION | |
| fixed length control field | 001117s19uu xx 00 eng d |
| 020 ## - INTERNATIONAL STANDARD BOOK NUMBER | |
| International Standard Book Number | 963-13-0522-0 |
| 050 ## - LIBRARY OF CONGRESS CALL NUMBER | |
| Classification number | ER |
| Item number | C28 |
| 100 ## - MAIN ENTRY--PERSONAL NAME | |
| Personal name | Kormos, Istvan |
| 245 ## - TITLE STATEMENT | |
| Title | Cats of Coat n' tail street (The) / |
| Statement of responsibility, etc | Istivan Kormos ; illustrated by Emma Heinzelmann ; translated by Judith Elliot. |
| 260 ## - PUBLICATION, DISTRIBUTION, ETC. (IMPRINT) | |
| Place of publication, distribution, etc | Hungary : |
| Name of publisher, distributor, etc | [s.n.]. |
| 300 ## - PHYSICAL DESCRIPTION | |
| Extent | 60 p. : ill., col. ; cm. |
| 500 ## - GENERAL NOTE | |
| General note | Original Title: A Pincerfrakk utcai cicak |
| Withdrawn status | Lost status | Damaged status | Use restrictions | Home library | Current library | Shelving location | Date acquired | Source of acquisition | Total Checkouts | Full call number | Barcode | Date last seen | Price effective from | Koha item type |
|---|---|---|---|---|---|---|---|---|---|---|---|---|---|---|
| Munich Library | Munich Library | Easy Reading Section | 05/26/2005 | ER C28 | M1814 | 04/14/2014 | 04/14/2014 | Books |